UBT Library

Biotechnology in the feed industry : (Record no. 41910)

000 -LEADER
fixed length control field 00729cam a2200241 a 4500
001 - CONTROL NUMBER
control field 1495533
005 - DATE AND TIME OF LATEST TRANSACTION
control field 20180206045955.0
008 - FIXED-LENGTH DATA ELEMENTS--GENERAL INFORMATION
fixed length control field 880802s1988 kyuaf b 100 0 eng d
010 ## - LIBRARY OF CONGRESS CONTROL NUMBER
LC control number 88072044
035 ## - SYSTEM CONTROL NUMBER
System control number (OCoLC)19507032
040 ## - CATALOGING SOURCE
Original cataloging agency NjPA
Transcribing agency NjPA
Modifying agency DLC
041 ## - LANGUAGE CODE
Language code of text/sound track or separate title eng
042 ## - AUTHENTICATION CODE
Authentication code lccopycat
070 1# - NATIONAL AGRICULTURAL LIBRARY CALL NUMBER
Classification number SF95.3.B56
080 ## - UNIVERSAL DECIMAL CLASSIFICATION NUMBER
Universal Decimal Classification number 574
100 ## - Rafti
Rafti 9
101 ## - Shkurtesa
Shkurtesa MJE
245 00 - TITLE STATEMENT
Title Biotechnology in the feed industry :
Statement of responsibility, etc edited by T.P. Lyons.
504 ## - BIBLIOGRAPHY, ETC. NOTE
Bibliography, etc Includes bibliographical references.
906 ## - LOCAL DATA ELEMENT F, LDF (RLIN)
a 7
b cbc
c copycat
d 3
e opcn
f 19
g y-gencatlg
942 ## - ADDED ENTRY ELEMENTS (KOHA)
Source of classification or shelving scheme
Item type Books
Holdings
Withdrawn status Lost status Source of classification or shelving scheme Damaged status Not for loan Collection code Permanent location Current location Shelving location Date acquired Total Checkouts Full call number Barcode Date last seen Price effective from Koha item type
          Koleksioni i përgjithshem UBT - Lipjan UBT - Lipjan Koleksioni i përgjithshem 02/06/2018   574 LYO 002-2999327 02/06/2018 02/06/2018 Books
UBT Library © 2015-2024. All rights reserved University Education for Business and Technology